BASIC - programowanie na mikrokomputerze ZX Spectrum+

Na minha lista:
Detalhes bibliográficos
Formato: Livro
Idioma:polonês
Publicado em: Warszawa Wyd. Szkolne i Pedagogiczne 1990
Edição:1. wyd.
Tags: Adicionar Tag
Sem tags, seja o primeiro a adicionar uma tag!

MARC

LEADER 00000nam a2200000 4500
001 c031148
005 20250711074218.7
041 0 |a pol 
044 |a PL 
245 1 0 |a BASIC - programowanie na mikrokomputerze ZX Spectrum+  |c Joanna Zycka-Sechman 
250 |a 1. wyd. 
264 1 |a Warszawa  |b Wyd. Szkolne i Pedagogiczne  |c 1990 
300 |a 183 s.